Medienlotsen gesucht : Konzeption und Evaluation einer Unterrichtseinheit zur Prävention problematischer Mediennutzungsmuster bei Schülerinnen und Schülern dritter bis fünfter Klassen im Rahmen des Berliner Längsschnitt Medien /

Bibliographic Details
Main Author: Kleimann, Matthias (Author)
Corporate Author: JSTOR (Organization)
Format: eBook
Language:German
Published: Baden-Baden : Nomos, 2011.
Edition:1. Auflage.
Series:Interdisziplinäre Beiträge zur kriminologischen Forschung ; 39.
Subjects:
Online Access:Connect to the full text of this electronic book

MARC

Tag First Indicator Second Indicator Subfields
LEADER 00000cam a2200000Ii 4500
001 in00004018613
005 20190416193217.0
006 m o d
007 cr cnu---unuuu
008 181221s2011 gw o 000 0 ger d
035 |a (OCoLC)on1079910308 
040 |a JSTOR  |b eng  |e rda  |e pn  |c JSTOR 
020 |a 9783845230368  |q (electronic bk.) 
020 |a 3845230363  |q (electronic bk.) 
035 |a (OCoLC)1079910308 
037 |a 22573/ctv9327m4  |b JSTOR 
050 4 |a LB1043 
082 0 4 |a 372.133  |2 23 
049 |a TXAM 
100 1 |a Kleimann, Matthias,  |e author. 
245 1 0 |a Medienlotsen gesucht :  |b Konzeption und Evaluation einer Unterrichtseinheit zur Prävention problematischer Mediennutzungsmuster bei Schülerinnen und Schülern dritter bis fünfter Klassen im Rahmen des Berliner Längsschnitt Medien /  |c Matthias Kleimann. 
250 |a 1. Auflage. 
264 1 |a Baden-Baden :  |b Nomos,  |c 2011. 
300 |a 1 online resource. 
336 |a text  |b txt  |2 rdacontent 
337 |a computer  |b c  |2 rdamedia 
338 |a online resource  |b cr  |2 rdacarrier 
490 1 |a Interdisziplinäre Beiträge zur kriminologischen Forschung ;  |v Band 39 
588 0 |a PDF (JSTOR, viewed Dec. 21, 2018). 
650 0 |a Mass media in education. 
650 0 |a Digital media. 
650 0 |a Mass media and children. 
650 0 |a Educational evaluation. 
655 7 |a Electronic books.  |2 local 
710 2 |a JSTOR (Organization) 
830 0 |a Interdisziplinäre Beiträge zur kriminologischen Forschung ;  |v 39. 
856 4 0 |u http://proxy.library.tamu.edu/login?url=http://www.jstor.org/stable/10.2307/j.ctv941v0g  |z Connect to the full text of this electronic book  |t 0 
999 f f |s a524ad3f-8a06-306c-90b2-90dbdd0eaa3d  |i f4c6778a-6e52-378b-9331-54dacde4cd5a  |t 0 
952 f f |a Texas A&M University  |b College Station  |c Electronic Resources  |d Available Online  |t 0  |e LB1043  |h Library of Congress classification 
998 f f |a LB1043  |t 0  |l Available Online